000 00476nam a2200169 i 4500
001 bg
100 1 _aMARKS, Karol.
245 0 0 _aKapitał ;
_bKrytyka ekonomii politycznej /
_cKarol Marks.
260 _aWarszawa,
_c1977.
490 1 _aDzieła / Karol Marks, Fryderyk Engels ;
_vt. 24
800 1 _aMarks, Karol
_tDzieła.
_vt.24
800 1 _aEngels, Fryderyk
_tDzieła.
_vt.24
040 _cBPK
041 _apol
942 _cKS
008 s pl f |000 0 pol
999 _c17721
_d17721
856 _uhttp://koha.tu.koszalin.pl/cgi-bin/koha/opac-detail.pl?biblionumber=17721
_yKatalog online BPK